| 000 | 00340nam a2200145Ia 4500 | ||
|---|---|---|---|
| 008 | 230711s9999||||xx |||||||||||||| ||und|| | ||
| 041 | _aENG | ||
| 082 |
_a624 _bVA-F |
||
| 100 | _aVan,Cleve | ||
| 245 | 0 | _aForest ecosystems in the alaskan taiga | |
| 250 | _a1st | ||
| 260 |
_c1982 _aNew York _bSpringer |
||
| 650 | _aLiterature | ||
| 942 | _cBK | ||
| 999 |
_c3180 _d3180 |
||